Responses for show #5281 - Monday, July 23, 2007

2007 Teen Tournament Summer Games semifinal game 1.

Contestants

Kyle Neblett, a senior from Beaverton, Oregon

Rachel Gottesman, a junior from Cortlandt Manor, New York

Andy Hutchins, a senior from Rockledge, Florida

Jeopardy! Round responses

OUR FOUNDING FATHERS
COLLEGE TEAM NICKNAMES
NOW THAT'S EXPENSIVE!
THE LARGEST IN AREA
THEY USED TO BE CHEERLEADERS
GIVE ME A "K"!
    $200 6
Paul Revere

Andy
    $200 1
a bear (or Bears)

Rachel
    $200 7
(Andy: What is a watch?)

a clock

AndyKyle
    $200 14
Canada

Kyle
    $200 13
(Renée) Zellweger

Andy
    $200 8
Kleenex

Kyle
    $400 18
(Thomas) Jefferson

Rachel
    $400 2
Waves

Andy
    $400 24
Elvis Presley

Rachel
    $400 15
India

Kyle
    $400 22
Kelly Ripa

Kyle
    $400 9
the kitty

Andy
    $600 19
John Adams

Andy
    $1,000 3
Nittany

Andy
    $600 25
(William) Shakespeare

Kyle
    $600 16
Saudi Arabia

Kyle
    $600 23
The Princess Diaries

Andy
    $600 10
(Andy: What is a knot?)
...
(Alex: The word we're going for is "[*]," not the knot.)

knotty

Andy
Triple Stumper
    $800 20
(Benjamin) Franklin

Andy
    $800 4
(Kyle: What are the Spurs?)
...
(Alex: Arlington is near Dallas.)

Mavericks

AndyKyle
    $800 26
birds

Kyle
    $800 17
France

Andy
    $800 29
Eva Longoria and Teri Hatcher

Rachel
    $800 11
(Alex: What is [*]? That's why we're putting you to sleep.)

a king-sized bed

Triple Stumper
    $1000 21
(Thomas) Paine

Andy
    $1000 5
Vandals

Kyle
    $1000 27
a violin

Andy
    $1000 28
(Andy: What is... Tunisia?)

Libya

AndyKyle
    $1000 30
George W. Bush

Andy
    $1000 12
kelly

Rachel

Scores at the first commercial break (after clue 16):

Andy Rachel Kyle
$2,200 $1,200 $1,800

Scores at the end of the Jeopardy! Round:

Andy Rachel Kyle
$7,000 $2,800 $4,600

Double Jeopardy! Round responses

MYTHS & LEGENDS
BLOCKBUSTER MOVIES
ADVENTURES IN THE AIR
ISLANDS
A MAKEUP EXAM
PREFIXES
(Alex: In that one you have to tell us the meaning of each one.)
    $400 1
a unicorn

Rachel
    $400 6
The Return of the King

Rachel
    $400 11
the speed of sound

Andy
    $400 16
Puerto Rico

Rachel
    $400 22
blush

Andy
    $400 21
half

Rachel
    $800 2
Robin Hood

Kyle
    $800 7
Titanic

Kyle
    $800 12
the space shuttle

Kyle
    $800 17
the Arctic (Ocean)

Andy
    $800 27
mascara

Kyle
    $800 23
two

Kyle
    $1200 3
(Andy: Who is Casey Jones?)

(John) Henry

AndyKyle
    $1200 8
The Incredibles

Kyle
    $1200 13
the Atlantic Ocean

Andy
    $1200 18
Sri Lanka

Kyle
    $1200 28
the lips

Kyle
    $1200 24
against

Kyle
    $1600 4
a werewolf

Andy
    $1600 9
Men in Black

Kyle
    $1600 14
The English Channel

Andy
    $3,000 19
(Kyle: What is Borneo?)

New Guinea

Kyle
    $1600 29
foundation

Kyle
    $500 25
around

Kyle
    $2000 5
Hercules

Kyle
    $2000 10
The Sixth Sense

Andy
    $2000 15
a helicopter

Kyle
    $2000 20
(Andy: What is Sicily?)
(Rachel: What is... Corsica?)
(Kyle: What is Malta?)

Sardinia

AndyRachelKyle
Triple Stumper
    $2000 30
palette

Rachel
    $2000 26
(Kyle: What is not?)

bad

AndyKyle

Scores at the end of the Double Jeopardy! Round:

Andy Rachel Kyle
$13,800 $4,400 $15,300

[wagering suggestions for these scores]

Final Jeopardy! Round responses

ITALIAN INVENTORS
RachelWho is Marcone? Congrats guys, Hi Sarah
$21
AndyWho is Marconi
$13,800
KyleWho is Marconi
$14,000
Marconi

Final scores:

Andy Rachel Kyle
$27,600 $4,421 $29,300
2nd place: $10,000 3rd place: $10,000 Finalist

Game dynamics:

Coryat scores:

Andy Rachel Kyle
$13,400 $4,400 $19,400
21 R
(including 1 DD),
5 W
10 R,
1 W
25 R
(including 1 DD),
4 W
(including 1 DD)

Combined Coryat: $37,200

The J! Archive is created by fans, for fans. The Jeopardy! game show and all elements thereof, including but not limited to copyright and trademark thereto, are the property of Jeopardy Productions, Inc. and are protected under law. This website is not affiliated with, sponsored by, or operated by Jeopardy Productions, Inc. Join the discussion at JBoard.tv.